LEADER 01064nam a2200241 i 4500 001 000000221179 003 CaOOAMICUS 005 20130625000000.0 008 130625s2009 it u000 u mul u 013 $a200076 040 $aSeMil$bita 245 10$aAlenia Aermacchi :$bthe tradition of innovation : history and evolution of a company always looking beyond the horizon. 250 $a2. ed aggiornata. 260 $aVenegono Superiore :$bAlenia Aermacchi,$c2009. 300 $a183 p. :$bill. ;$c29x29 cm. 500 $aFondo card. C. M. Martini. 650 4$aAlenia Aermacchi .$0(OLS)http://semarc/subject/40655 850 $aSeMil 852 $aSeMil$W1$xVenegono$y1$m3.SOVR V 5$j262840$B171530$CSeMilBibl$Z2$F182202 $81 941 1 $a4 961 $aLascito: Martini Card. Carlo Maria 996 $6245$aAlenia Aermacchi :$bthe tradition of innovation : history and evolution of a company always looking beyond the horizon$9(OLS)http://semarc/title/317095 996 $6260$aVenegono Superiore :$bAlenia Aermacchi$9(OLS)http://semarc/publisher/53195 LEADER 01838nam a2200313 i 4500 001 000000127418 003 CaOOAMICUS 005 20070321000000.0 008 070321s2002 sz u000 u eng u 013 $a100128 020 $a2-8271-0936-0 040 $aSeMil$bita 100 1 $aBorghi, Marco.$0(OLS)http://semarc/name/53011 245 10$aFor an Effective Right to Adequate Food :$bproceedings of the International Seminar on «The Right to Food: a Challenge for Peace and Development in the 21. Century», organised by the International Jacques Maritain Institute, in Rome, at the Ministry of Agriculture... etc. /$cMarco Borghi ; Letizia Postiglione Blommestein. 260 $aAgno :$bArti grafiche Bernasconi,$ccopyr. 2002. 260 $aFribourg :$bUniversity Press (Switzerland),$ccopyr. 2002. 300 $aXI, 398 p. ;$c21 cm. 490 0 $aCollection interdisciplinaire 500 $aFondo Card. C.M. Martini. 700 1 $aPostiglione Blommestein, Letizia.$0(OLS)http://semarc/name/53012 830 0$aCollection interdisciplinaire.$0(OLS)http://semarc/title/23100 850 $aSeMil 852 $aSeMil$W1$xVenegono$y1$m3XC IV 16$j81719$B81719$CSeMilBibl$Z2$F123038 $81 941 1 $a4 961 $aOmaggio: Martini Card. Carlo Maria 996 $6020$a2-8271-0936-0$9(OLS)http://semarc/number/113850 996 $6245$aFor an Effective Right to Adequate Food :$bproceedings of the International Seminar on «The Right to Food: a Challenge for Peace and Development in the 21. Century», organised by the International Jacques Maritain Institute, in Rome, at the Ministry of Agriculture... etc.$9(OLS)http://semarc/title/188061 996 $6260$aFribourg :$bUniversity Press (Switzerland)$9(OLS)http://semarc/publisher/34658 996 $6260$aAgno :$bArti grafiche Bernasconi$9(OLS)http://semarc/publisher/46534